000 00358pab a2200145 454500
008 180718b1989 xxu||||| |||| 00| 0 eng d
100 _aBansal, A.S
245 _aFlaying and carcass recovery in India
260 _c1989
300 _a464-8
362 _aAug.
650 _aLeather Industry and Trade - India
773 _aKhadi Gramodyog
909 _a12434
999 _c12434
_d12434